| 000 | 00712nam a2200193 a 4500 | ||
|---|---|---|---|
| 005 | 20250404063802.0 | ||
| 008 | 991125s1999 mx 000 0 spa u | ||
| 020 | _a8489691673 | ||
| 035 | _aUPN01000140585 | ||
| 049 | _aCG | ||
| 050 | 4 |
_aPQ8097 M5 _bC3.7 |
|
| 100 | 1 |
_aMistral, Gabriela, _d1889-1957 |
|
| 245 | 1 | 0 |
_aCartas de amor y desamor / _cGabriela Mistral ; pról. Jaime Quezada ; selec. y recop. Sergio Fernández Larraín. |
| 260 |
_aBarcelona, Esp. : _bAndrés Bello, _c1999. |
||
| 300 |
_a250 p. : _bil. |
||
| 600 | 1 | 4 |
_aMistral, Gabriela, _d1889-1957 _vCorrespondencia, memorias, etc. _91709 |
| 600 | 1 | 4 |
_aMAGALLANES MOURE, MANUEL, _d1878-1924 - _vCORRESPONDENCIA, MEMORIAS, ETC. _91708 |
| 905 | _aLibro | ||
| 999 |
_c112733 _d112733 |
||